Արտասահմանյան գրականություն : (Record no. 76401)
[ view plain ]
| 000 -LEADER | |
|---|---|
| fixed length control field | 01297nam a2200265 a 4500 |
| 001 - CONTROL NUMBER | |
| control field | 000217962 |
| 003 - CONTROL NUMBER IDENTIFIER | |
| control field | AM-YeHGA |
| 005 - DATE AND TIME OF LATEST TRANSACTION | |
| control field | 20250618071507.0 |
| 008 - FIXED-LENGTH DATA ELEMENTS--GENERAL INFORMATION | |
| fixed length control field | 030415s1973 ai |||||||||||000|||arm|d |
| 040 ## - CATALOGING SOURCE | |
| Original cataloging agency | AM-YeHGA |
| 041 0# - LANGUAGE CODE | |
| Language code of text/sound track or separate title | arm |
| 090 ## - LOCALLY ASSIGNED LC-TYPE CALL NUMBER (OCLC); LOCAL CALL NUMBER (RLIN) | |
| -- | 77638 |
| 100 1# - MAIN ENTRY--PERSONAL NAME | |
| Personal name | Սողոմոնյան, Սողոմոն Ալեքսանդրի, |
| Dates associated with a name | 1907-1978 |
| 9 (RLIN) | 1744 |
| 245 10 - TITLE STATEMENT | |
| Title | Արտասահմանյան գրականություն : |
| Remainder of title | Ձեռնարկ միջնակարգ դպրոցների 9-10-րդ դասարանի համար / |
| Statement of responsibility, etc. | Ս.Ա. Սողոմոնյան ; Խմբ.՝ Ա.Մ. Գասպարյան, Գ.Գ. Բալասանյան. |
| 250 ## - EDITION STATEMENT | |
| Edition statement | 4-րդ հրատ. |
| 260 ## - PUBLICATION, DISTRIBUTION, ETC. | |
| Place of publication, distribution, etc. | Երևան : |
| Name of publisher, distributor, etc. | Լույս, |
| Date of publication, distribution, etc. | 1973. |
| 300 ## - PHYSICAL DESCRIPTION | |
| Extent | 181 էջ ; |
| Dimensions | 22 սմ. |
| 500 ## - GENERAL NOTE | |
| General note | Դ. Ալիգիերի, Վ. Շեքսպիր, Սերվանտես, Վ. Գյոթե, Ջ. Բայրոն, Հ. Հայնե, Օ. Բալզակ, Թ. Դրայզեր, Ա. Զեգերս, Վ. Սարոյան |
| 504 ## - BIBLIOGRAPHY, ETC. NOTE | |
| Bibliography, etc. note | Տողատակի մատենագիտ ծանոթագր. |
| 650 14 - SUBJECT ADDED ENTRY--TOPICAL TERM | |
| Topical term or geographic name entry element | Համաշխարհային գրականության պատմություն |
| 653 0# - INDEX TERM--UNCONTROLLED | |
| Uncontrolled term | Դասագիրք |
| 700 1# - ADDED ENTRY--PERSONAL NAME | |
| Personal name | Գասպարյան, Ա.Մ. |
| Relator term | խմբ. |
| Relationship | edt |
| 700 1# - ADDED ENTRY--PERSONAL NAME | |
| Personal name | Բալասանյան, Գրիգոր Գրիգորի, |
| Dates associated with a name | 1919-2003 |
| Relator term | խմբ. |
| Relationship | edt |
| 9 (RLIN) | 1913 |
| 942 ## - ADDED ENTRY ELEMENTS (KOHA) | |
| Source of classification or shelving scheme | Universal Decimal Classification |
| Koha item type | Գրքեր / Books |
| Withdrawn status | Lost status | Damaged status | Not for loan | Collection | Home library | Current library | Date acquired | Total checkouts | Full call number | Barcode | Date last seen | Uniform resource identifier | Price effective from | Koha item type | Public note |
|---|---|---|---|---|---|---|---|---|---|---|---|---|---|---|---|
| General | Fundamental Scientific Library | Fundamental Scientific Library | 22/12/2016 | AII/50342 | 220050342 | 22/12/2016 | 809(077) | 22/12/2016 | Գրքեր / Books | 30 Days Loan |
ՀՀ Գիտությունների ազգային ակադեմիայի հիմնարար գիտական գրադարան = Fundamental Scientific Library of NAS RA
All site content, except where otherwise noted, is licensed under a